| 000 | 01159cam a2200277 i 4500 | ||
|---|---|---|---|
| 999 |
_c200448669 _d66881 |
||
| 003 | TR-AnTOB | ||
| 005 | 20220422172130.0 | ||
| 008 | 220422s1997 tu 00010 tur d | ||
| 020 | _a9757093017 | ||
| 040 |
_aTR-AnTOB _beng _erda _cTR-AnTOB |
||
| 041 | 0 | _atur | |
| 050 | 0 | 0 |
_aPL247.B877 _bB87 1997 |
| 090 |
_aPL247.B877 _bB87 1997 |
||
| 245 | 0 | 0 |
_aBursa'da bir başka zaman / _cTasarlayan ve yayına hazırlayan Ramis Dara. |
| 264 | 1 |
_aBursa : _bBursa Kültür Sanat ve Turizm Vakfı, _c1997. |
|
| 300 |
_a189 pages ; _b24 cm |
||
| 336 |
_atext _btxt _2rdacontent |
||
| 337 |
_aunmediated _bn _2rdamedia |
||
| 338 |
_avolume _bnc _2rdacarrier |
||
| 490 | 0 |
_aBursa Kültür Sanat ve Turizm Vakfı Yayınları ; _v2. |
|
| 500 | _a"Bu kitap Edebiyatçılar Derneği ve Bursa Kültür Sanat ve Turizm Vakfı'nın işbirliğiyle 21-22 Mart 1997'de Bursa'da Tayyare Kültür Merkezi'nde gerçekleştirilen II. Bursa Edebiyat Günleri'nde sunulan bildirileri içermektedir."--T.p. verso. | ||
| 650 | 7 |
_aTürk edebiyatı _zTürkiye _zBursa _xTarih ve eleştiri _9136783 |
|
| 700 | 1 | 0 |
_aDara, Ramis, _d1953- _9136785 |
| 942 |
_2lcc _cBK |
||